MARC

LEADER 00000nam0a2200000 4500
001 165818
005 20240914063124.0
020 |a RU  |b 83-87999 
035 |a (RuTPU)RU\TPU\book\179875 
090 |a 165818 
100 |a 20090922d1983 m y0rusy5003 ca 
101 0 |a rus 
102 |a RU 
105 |a a z 000ab 
200 1 |a История одной болезни  |f Б. М. Шубин  |g авт. предисл. Н. Н. Блохин 
210 |a Москва  |c Знание  |d 1983 
215 |a 127 с.  |c ил., 12 л. ил.  |d 16 см 
600 1 |a Пушкин  |b А. С.  |c российский поэт  |c писатель  |f 1799-1837  |g Александр Сергеевич  |7 ca  |8 rus  |2 stltpush  |3 (RuTPU)RU\TPU\pers\1026  |9 453 
610 1 |a Русская литература 
610 1 |a Медицина в России 
610 1 |a 19 век 
675 |a 8Р1(092)  |z rus 
700 1 |a Шубин  |b Б. М.  |g Борис Моисеевич  |4 070 
702 1 |a Блохин  |b Н. Н.  |4 080 
801 0 |a RU  |b RuMRKP  |c 19950704  |g psbo 
801 1 |a RU  |b 63413507  |c 20090922 
801 2 |a RU  |b 63413507  |c 20231018  |g RCR 
942 |c BK